000 00270 a2200133 4500
001 194992
040 _cMagnum
100 _aBARROS, Solange
240 1 0 _aCara de quê?
_lpor
245 1 0 _aCara de quê?
300 _a17
697 _aLITERATURA INFANTIL
942 _cBK
999 _c194992
_d194992